[Event "Titled Tuesday intern op 31st Jan Late"]
[Site "Chess.com INT"]
[Date "2023.01.31"]
[Round "11"]
[White "Chabris, Christopher"]
[Black "Bon, Michael"]
[Result "0-1"]
[WhiteElo "2080"]
[BlackElo "2392"]
[PlyCount "46"]
[EventDate "2023.01.31"]
[EventType "swiss (blitz)"]
[EventRounds "11"]
[EventCountry "USA"]
[SourceTitle "CBM 212 Extra"]
[Source "ChessBase"]
[SourceDate "2023.03.31"]
[SourceVersion "1"]
[SourceVersionDate "2023.03.31"]
[SourceQuality "1"]

1. e4 c5 2. Nf3 d6 3. Bb5+ Nd7 4. d4 cxd4 5. Qxd4 a6 6. Bxd7+ Bxd7 7. c4 Rc8 8. 0-0 Qc7 9. b3 b5 10. Na3 e5 11. Qd3 h6 12. Be3 d5 13. cxb5 Bxa3 14. b6 Qb7 15. Nxe5 Bb5 16. Qd4 Bc5 17. Qc3 Bxe3 18. Qxe3 Bxf1 19. exd5 Ne7 20. Nc6 Bb5 21. Re1 Bxc6 22. dxc6 Rxc6 23. Qf3 Re6 0-1

[Event "Titled Tuesday intern op 17th Jan Early"]
[Site "Chess.com INT"]
[Date "2023.01.17"]
[Round "7"]
[White "Bon, Michael"]
[Black "Williams, Simon Kim"]
[Result "0-1"]
[WhiteElo "2392"]
[BlackElo "2467"]
[PlyCount "104"]
[EventDate "2023.01.17"]
[EventType "swiss (blitz)"]
[EventRounds "11"]
[EventCountry "USA"]
[SourceTitle "CBM 212 Extra"]
[Source "ChessBase"]
[SourceDate "2023.03.31"]
[SourceVersion "1"]
[SourceVersionDate "2023.03.31"]
[SourceQuality "1"]

1. e4 c5 2. Nf3 d6 3. d4 cxd4 4. Nxd4 Nf6 5. Nc3 g6 6. Be3 a6 7. Bc4 Bg7 8. Qd2 Ng4 9. Bg5 Nc6 10. Nxc6 bxc6 11. h3 Ne5 12. Bb3 h6 13. Be3 Be6 14. 0-0 Nc4 15. Bxc4 Bxc4 16. Rfe1 Qa5 17. Bd4 e5 18. Be3 Rd8 19. b3 Be6 20. Na4 Qxd2 21. Bxd2 f5 22. Ba5 Rd7 23. Rad1 Bf8 24. c4 Kf7 25. c5 fxe4 26. Nb6 d5 27. Nxd7 Bxd7 28. b4 h5 29. Bc7 Bg7 30. f3 Bf5 31. fxe4 Bxe4 32. a4 Rc8 33. Bd6 Ke6 34. Re2 Bf5 35. Red2 d4 36. Kh2 h4 37. g4 hxg3+ 38. Kxg3 Bh6 39. Re2 Bf4+ 40. Kf3 Rh8 41. Rxd4 Rxh3+ 42. Kg2 Rh2+ 43. Kf1 Rxe2 44. Rxf4 exf4 45. Kxe2 g5 46. Kf3 Bc2 47. b5 axb5 48. axb5 cxb5 49. Bc7 Kf5 50. Ba5 Be4+ 51. Kf2 g4 52. Bc3 g3+ 0-1

[Event "Titled Tuesday intern op 17th Jan Early"]
[Site "Chess.com INT"]
[Date "2023.01.17"]
[Round "5"]
[White "Osmak, Iulija"]
[Black "Bon, Michael"]
[Result "1/2-1/2"]
[WhiteElo "2449"]
[BlackElo "2392"]
[PlyCount "68"]
[EventDate "2023.01.17"]
[EventType "swiss (blitz)"]
[EventRounds "11"]
[EventCountry "USA"]
[SourceTitle "CBM 212 Extra"]
[Source "ChessBase"]
[SourceDate "2023.03.31"]
[SourceVersion "1"]
[SourceVersionDate "2023.03.31"]
[SourceQuality "1"]

1. e4 e6 2. d4 d5 3. e5 c5 4. c3 Nc6 5. Nf3 Qb6 6. Bd3 cxd4 7. 0-0 Bd7 8. Re1 Nge7 9. h4 Rc8 10. a3 a6 11. b4 dxc3 12. Nxc3 Nxb4 13. Be3 Qd8 14. axb4 Rxc3 15. Bc5 Nc6 16. Bxf8 Kxf8 17. Qd2 Rb3 18. b5 axb5 19. Qc2 Rb4 20. Qc5+ Qe7 21. Ra8+ Be8 22. Qb6 g6 23. h5 Kg7 24. Qe3 h6 25. hxg6 fxg6 26. g3 g5 27. Kg2 Bh5 28. Rxh8 Bxf3+ 29. Qxf3 Kxh8 30. Qh5 Qg7 31. Qe8+ Qg8 32. Qh5 Qg7 33. Qe8+ Qg8 34. Qh5 Qg7 1/2-1/2

[Event "Titled Tuesday intern op 10th Jan Early"]
[Site "Chess.com INT"]
[Date "2023.01.10"]
[Round "4"]
[White "Bon, Michael"]
[Black "Glashausser, Sho"]
[Result "0-1"]
[WhiteElo "2392"]
[BlackElo "2016"]
[PlyCount "44"]
[EventDate "2023.01.10"]
[EventType "swiss (blitz)"]
[EventRounds "11"]
[EventCountry "USA"]
[SourceTitle "EXT 2024"]
[Source "ChessBase"]
[SourceDate "2023.10.10"]
[SourceVersion "1"]
[SourceVersionDate "2023.10.10"]
[SourceQuality "1"]

1. e4 e6 2. d4 d5 3. e5 c5 4. c3 Qb6 5. Nf3 Bd7 6. Bd3 Bb5 7. dxc5 Bxc5 8. b4 Be7 9. Be3 Qa6 10. Bc2 Nh6 11. a4 Bc4 12. Bxh6 gxh6 13. Qd2 Nd7 14. Na3 Rg8 15. b5 Qa5 16. Nxc4 dxc4 17. 0-0 0-0-0 18. Qxh6 Qxc3 19. Rac1 Qxf3 20. g3 Bg5 21. Qxh7 Bxc1 22. Rxc1 Rh8 0-1

[Event "Titled Tuesday intern op 10th Jan Late"]
[Site "Chess.com INT"]
[Date "2023.01.10"]
[Round "1"]
[White "Bon, Michael"]
[Black "Jaracz, Pawel"]
[Result "0-1"]
[WhiteElo "2392"]
[BlackElo "2463"]
[PlyCount "70"]
[EventDate "2023.01.10"]
[EventType "swiss (blitz)"]
[EventRounds "11"]
[EventCountry "USA"]
[SourceTitle "EXT 2024"]
[Source "ChessBase"]
[SourceDate "2023.10.10"]
[SourceVersion "1"]
[SourceVersionDate "2023.10.10"]
[SourceQuality "1"]

1. e4 c6 2. d4 d5 3. e5 c5 4. dxc5 e6 5. a3 Bxc5 6. Qg4 Ne7 7. Nf3 0-0 8. Bd3 Nf5 9. b4 Bb6 10. Bg5 Qc7 11. Bf6 Bxf2+ 12. Kxf2 Qb6+ 13. Ke1 Qe3+ 14. Kd1 Qxd3+ 15. cxd3 Ne3+ 16. Ke2 Nxg4 17. Bh4 Nc6 18. d4 b6 19. Nc3 Nh6 20. Rhc1 Nf5 21. Bf2 f6 22. exf6 gxf6 23. Nxd5 Ba6+ 24. Kd2 Rac8 25. Nf4 Kf7 26. g4 Nfe7 27. Re1 Bc4 28. Rac1 Bd5 29. Nxd5 Nxd5 30. Bg3 Rfd8 31. h3 h5 32. g5 Nce7 33. h4 Nf5 34. Bf2 Nd6 35. gxf6 Ne4+ 0-1